Normal view
MARC view
Entry Personal Name
001 - CONTROL NUMBER
- control field: 556196
003 - CONTROL NUMBER IDENTIFIER
- control field: OSt
005 - DATE AND TIME OF LATEST TRANSACTION
- control field: 20220930094741.0
008 - FIXED-LENGTH DATA ELEMENTS
- fixed length control field: 220930|| aca||aabn | a|a d
040 ## - CATALOGING SOURCE
- Original cataloging agency: OSt
- Transcribing agency: OSt
100 ## - HEADING--PERSONAL NAME
- Personal name: दिल्ली विश्वविद्यालय. संगीत एवं ललित कला संकाय फ. संगीत विभाग
670 ## - SOURCE DATA FOUND
- Source citation: Work cat.: (OSt)887613: चौधरी, विजेता, ले., अत्याधुनिक काल में हिन्दुस्तानी शास्त्रीय संगीत की प्रचलित गेय विधाओं में समन्वित परिवर्तन, 2012
